BIBLIOTECA

SENCICO

Acuipurificación : Diseño de sistemas de purificación de aguas (Registro nro. 1286)

Detalles MARC
000 -LEADER
fixed length control field 00660nam a2200253Ia 4500
005 - DATE AND TIME OF LATEST TRANSACTION
control field 20251020182506.0
008 - FIXED-LENGTH DATA ELEMENTS--GENERAL INFORMATION
fixed length control field 200515s9999 xx 000 0 und d
020 ## - INTERNATIONAL STANDARD BOOK NUMBER
International Standard Book Number 958-96027-3-8
082 ## - DEWEY DECIMAL CLASSIFICATION NUMBER
Classification number 628.164/R81
100 ## - MAIN ENTRY--PERSONAL NAME
Personal name Romero Rojas, Jairo Alberto
245 #0 - TITLE STATEMENT
Title Acuipurificación : Diseño de sistemas de purificación de aguas
250 ## - EDITION STATEMENT
Edition statement 2a ed.
260 ## - PUBLICATION, DISTRIBUTION, ETC.
Place of publication, distribution, etc. Bogotá, D.C.
260 ## - PUBLICATION, DISTRIBUTION, ETC.
Name of publisher, distributor, etc. Escuela Colombiana de Ingeniería
260 ## - PUBLICATION, DISTRIBUTION, ETC.
Date of publication, distribution, etc. 1997
300 ## - PHYSICAL DESCRIPTION
Extent 308 p.
300 ## - PHYSICAL DESCRIPTION
Other physical details il., tbl., graf.
500 ## - GENERAL NOTE
General note 1 ejemplar
650 ## - SUBJECT ADDED ENTRY--TOPICAL TERM
Topical term or geographic name entry element ACUIPURIFICACION
650 ## - SUBJECT ADDED ENTRY--TOPICAL TERM
Topical term or geographic name entry element AGUA
650 ## - SUBJECT ADDED ENTRY--TOPICAL TERM
Topical term or geographic name entry element PURIFICACION DE AGUAS
942 ## - ADDED ENTRY ELEMENTS (KOHA)
Koha item type Libros
Existencias
Fecha de la última vez que lo usaron Pago total Signatura topográfica completa Código de barras Precio efectivo desde Tipo de documento Estado perdido Estado dañado No es para préstamo Retirado Ubicación permanente Ubicación actual Fecha de adquisición
15/05/2020   628.164/R81 Bib-Lima15051286 15/05/2020 Libros         Biblioteca Central Lima Biblioteca Central Lima 15/05/2020